Three Mughal poets: (Record no. 18485)

MARC details
000 -LEADER
fixed length control field 01136cam a2200313 4500
001 - CONTROL NUMBER
control field 294374
003 - CONTROL NUMBER IDENTIFIER
control field BDDh-ASL
005 - DATE AND TIME OF LATEST TRANSACTION
control field 20231015025717.0
008 - FIXED-LENGTH DATA ELEMENTS--GENERAL INFORMATION
fixed length control field 700409s1969 enkb b 001 0ceng
010 ## - LIBRARY OF CONGRESS CONTROL NUMBER
LC control number 70446898
015 ## - NATIONAL BIBLIOGRAPHY NUMBER
National bibliography number B69-18256
020 ## - INTERNATIONAL STANDARD BOOK NUMBER
International Standard Book Number 0048910333
040 ## - CATALOGING SOURCE
Original cataloging agency DLC
Transcribing agency DLC
Modifying agency BDDh-ASL
050 00 - LIBRARY OF CONGRESS CALL NUMBER
Classification number PK2198.M85
Item number Z78 1969
082 00 - DEWEY DECIMAL CLASSIFICATION NUMBER
Classification number 928.4914
Item number RUT
100 1# - MAIN ENTRY--PERSONAL NAME
Personal name Russell, Ralph,
Dates associated with a name 1918-2008.
245 10 - TITLE STATEMENT
Title Three Mughal poets:
Remainder of title Mir, Sauda, Mir Hasan/
Statement of responsibility, etc. by Ralph Russell and Khurshidul Islam.
260 ## - PUBLICATION, DISTRIBUTION, ETC.
Place of publication, distribution, etc. London:
Name of publisher, distributor, etc. Allen & Unwin,
Date of publication, distribution, etc. 1969.
300 ## - PHYSICAL DESCRIPTION
Extent xxv, 290 p. :
Other physical details map. ;
Dimensions 23 cm.
350 ## - PRICE (NR) (BK AM CF MU VM SE) [OBSOLETE]
Price 48/-
440 #0 - SERIES STATEMENT/ADDED ENTRY--TITLE
Title UNESCO collection of representative works.
Name of part/section of a work Indian series
504 ## - BIBLIOGRAPHY, ETC. NOTE
Bibliography, etc. note Bibliography: p. 281-284.
600 00 - SUBJECT ADDED ENTRY--PERSONAL NAME
Personal name Muḥammad Taḳī,
Titles and other words associated with a name called Mīr,
Dates associated with a name -1810
General subdivision Criticism and interpretation.
600 10 - SUBJECT ADDED ENTRY--PERSONAL NAME
Personal name Saudā, Mirzā Muḥammad Rafiʻ,
Dates associated with a name 1713-1781
General subdivision Criticism and interpretation.
600 10 - SUBJECT ADDED ENTRY--PERSONAL NAME
Personal name Ḥasan, Mīr,
Dates associated with a name active 18th century
General subdivision Criticism and interpretation.
700 1# - ADDED ENTRY--PERSONAL NAME
Personal name Islam, Khurshidul,
Dates associated with a name 1919-
Relator term joint author.
906 ## - LOCAL DATA ELEMENT F, LDF (RLIN)
a 7
b cbc
c orignew
d u
e ncip
f 19
g y-gencatlg
942 ## - ADDED ENTRY ELEMENTS (KOHA)
Source of classification or shelving scheme Dewey Decimal Classification
Koha item type Books
Holdings
Withdrawn status Lost status Source of classification or shelving scheme Damaged status Not for loan Collection code Home library Current library Shelving location Date acquired Source of acquisition Total Checkouts Full call number Barcode Date last seen Copy number Price effective from Koha item type Public note
    Dewey Decimal Classification   Not For Loan Non-fiction Asiatic Society Library Asiatic Society Library Harrison Collection 10/11/2020 Donated by Prof. John B. Harrison   928.4914 RUT 101676 10/11/2020 C-1 10/11/2020 Books RARE
    Dewey Decimal Classification     Non-fiction Asiatic Society Library Asiatic Society Library General Stacks 03/09/2021 ASB Library Collections   928.4914 RUT 107271 03/09/2021 C-2 03/09/2021 Books RARE

Powered by Koha